Estructura demográfica y socio-ocupacional de la provincia de Río Negro /

Detalles Bibliográficos
Autor Corporativo: Consejo Federal de Inversiones (Argentina)
Formato: Libro
Publicado: Buenos Aires : Consejo Federal de Inversiones, 1966.
Materias:
Etiquetas: Agregar Etiqueta
Sin Etiquetas, Sea el primero en etiquetar este registro!

MARC

LEADER 00000nam a22000004a 4500
001 AR-BbUGT1477
003 AR-BbUGT
005 20210428164636.0
007 ta
008 061101t1966 |||abd |0|||0| d
999 |c 9278  |d 9278 
040 |a AR-BbUGT  |b spa  |c AR-BbUGT 
082 0 4 |a 312.09827 
110 2 |a Consejo Federal de Inversiones (Argentina) 
245 1 0 |a Estructura demográfica y socio-ocupacional de la provincia de Río Negro /   |c Consejo Federal de Inversiones. 
260 |a Buenos Aires :   |b Consejo Federal de Inversiones,   |c 1966. 
300 |a 297 p. :   |b il., gráficos, mapas 
651 4 |a Río Negro (Argentina : Provincia)  |9 296 
653 |a Demografía 
653 |a Población 
653 |a Estadística 
942 |c BK  |h 312.09827  |i AR37  |2 ddc  |6 312_098270000000000_AR37